| 000 | 00000nam##2200000za#4500 |
| 001 | 9.662758 |
| 003 | CaOODSP |
| 005 | 20210615120724 |
| 007 | ta |
| 008 | 150407|2001||||xxc||||| f|0| 0 fre|d |
| 020 | |a0-662-65705-5 |
| 022 | |a1482-9770 |
| 040 | |aCaOODSP|bfre |
| 041 | |aeng |
| 041 | |afre |
| 043 | |an-cn--- |
| 086 | 1 |aA21-44/2001 |
| 110 | 1 |aCanada. |bAgriculture et agroalimentaire Canada. |bDirection générale des politiques. |
| 245 | 10|aRevenu agricole, situation financière et aide gouvernementale : |brecueil de données |
| 260 | |aOttawa - Ontario : |bAgriculture et Agroalimentaire Canada. |c2001. |
| 300 | |aTexte français, 93p. : |bgraphiques, tableaux ; |c28 cm. |
| 546 | |aBilingue |
| 563 | |aReliure à spirale |
| 590 | |a01-15|b2001-04-12 |
| 691 | 07|aExploitation agricole|2gcpds |
| 691 | 07|aProgramme d'aide agricole|2gcpds |
| 691 | 07|aIndicateurs économiques|2gcpds |
| 776 | 0#|tRevenu agricole, situation financière et aide gouvernementale : |w(CaOODSP)9.637693 |
| 776 | 0#|tFarm income, financial conditions and government assistance : |w(CaOODSP)9.693515 |
| 791 | |tFarm income, financial conditions and government assistance : |eeng|w(CaOODSP)9.662757 |
| 986 | |aPublication 2077/B |